| 000 | 01026nam a2200325 c 4500 | ||
|---|---|---|---|
| 001 | 59736 | ||
| 003 | CO-BoRNBP | ||
| 005 | 20251031143305.0 | ||
| 007 | ta | ||
| 008 | 170322s2007 ck a gr 000 f spa | ||
| 020 | _a9789584205414 | ||
| 040 |
_aCO-BoRNBP _bspa _erda _cCO-BoRNBP |
||
| 041 | 0 | _aspa | |
| 043 | _as-ck--- | ||
| 084 | _aN | ||
| 100 |
_aLozano Riveros, Pilar, _d1951- , _eaut |
||
| 245 | 1 | 0 |
_aSocaire y el capitán loco / _cPilar Lozano ; ilustraciones de Olga Cuellar. |
| 250 | _aTercera edición | ||
| 264 | 1 |
_aBogotá, Colombia : _bDestino, _c2007 |
|
| 300 |
_a87 páginas : _bilustraciones |
||
| 336 |
_atexto _btxt _2rdacontent |
||
| 337 |
_asin mediación _bn _2rdamedia |
||
| 338 |
_avolumen _bnc _2rdacarrier |
||
| 650 | 0 | 7 |
_aAmistad _vNovela _2LEMB _91741 |
| 650 | 0 | 4 |
_aLiteratura juvenil Colombiana _ySiglo XX _2LEMB _91585 |
| 650 | 0 | 4 |
_aNovela juvenil colombiana _ySiglo XX _2LEMB _91584 |
| 650 | 0 | 7 |
_aAventuras _vNovela _2LEMB |
| 700 |
_aCuéllar Serrano, Olga, _d1958- , _eill |
||
| 942 |
_2loc _cBKLIT |
||
| 999 |
_c59736 _d59736 |
||